000 01136nam0a2200337 4500
001 RU\NLR\BIBL_A\010859315
005 20260405085703.0
010 _a978-5-389-05486-8
_92000
021 _aRU
_b2015-68646
_94110
035 _a(NILC)RuMoRGB-008012982
035 _a(NLR Aleph) 010859315
090 _a10413127
_c10413127
100 _a20151012d2015 |||y0rusy50 ca
101 0 _arus
102 _aRU
105 _ay|||z||||00ay
200 1 _aЦиники
_aБритый человек
_eроманы
_fАнатолий Мариенгоф
210 _aСанкт-Петербург
_cАзбука
_cАзбука-Аттикус
_d2015
215 _a251, [2] с.
_d18
225 1 _aАзбука-классика
333 _a18+
675 _a821.161.1
686 2 _aШ6(2=Р)71-440.4
686 2 _aШ6(2=Р)72-440.4
700 1 _8rus
_7ca
_aМариенгоф
_bА. Б.
_f1897-1962
_gАнатолий Борисович
_3RU\NLR\AUTH\7731579
_914589
801 0 _aRU
_bРГБ
_c20150904
_gRCR
942 _cBOOK
980 _aNB